000
00286nam a22001337a 4500
020
_a
81-87047-04-8
082
_a
001
_b
MUT/M
100
_a
MUTHANNA, SINGH
245
_a
MY OWN BOOK OF INSECTS
260
_a
MUMBAI
_b
TATA DONNELLEY
300
_a
40
650
_a
GK
_z
MUMBAI
942
_c
BK
999
_c
6675
_d
6675